Southville International School and Colleges
Your cart is empty.
  • Cart
  • Lists
    Public lists Eva Luna New books Lux_list list_1
    Your lists Log in to create your own lists
  • Log in to your account
  • Your cookies
  • Search history
Southville International School and Colleges
  • Advanced search
  • Recent comments
  • Most popular
  • Libraries

Log in to your account

Log in with GOOGLE


If you do not have an external account, but do have a local account, you can still log in:

  1. Home
  2. MARC view: Snow White and Beauty and the beast /
Normal view MARC view ISBD view

Snow White and Beauty and the beast / (Record no. 111883)

[ view plain ]
MARC details
000 -LEADER
fixed length control field 00512 a2200181 4500
001 - CONTROL NUMBER
control field 2170
005 - DATE AND TIME OF LATEST TRANSACTION
control field 20140414131923.0
020 ## - INTERNATIONAL STANDARD BOOK NUMBER
International Standard Book Number 0-86227-412-5
050 ## - LIBRARY OF CONGRESS CALL NUMBER
Classification number ER
Item number Sn6 1994
100 1# - MAIN ENTRY--PERSONAL NAME
Personal name McKie, Anne
245 10 - TITLE STATEMENT
Title Snow White and Beauty and the beast /
Statement of responsibility, etc stories re-told by Anne McKie ; illustrated by Ken McKie.
260 ## - PUBLICATION, DISTRIBUTION, ETC. (IMPRINT)
Place of publication, distribution, etc London :
Name of publisher, distributor, etc Grandreams,
Date of publication, distribution, etc 1994.
300 ## - PHYSICAL DESCRIPTION
Extent 1 v. (unp.) : ill. ; cm.
440 #0 - SERIES STATEMENT/ADDED ENTRY--TITLE
Title Two Well Loved Tales
650 #4 - SUBJECT ADDED ENTRY--TOPICAL TERM
Topical term or geographic name as entry element Fairy tales.
650 #4 - SUBJECT ADDED ENTRY--TOPICAL TERM
Topical term or geographic name as entry element Children stories.
Holdings
Withdrawn status Lost status Damaged status Use restrictions Home library Current library Shelving location Date acquired Source of acquisition Total Checkouts Full call number Barcode Date last seen Price effective from Koha item type
        Munich Library Munich Library Easy Reading Section 05/26/2005     ER Sn6 1994 M2801 04/14/2014 04/14/2014 Books

Snow White and Beauty and the beast /

APA

McKie A., . (1994). Snow White and Beauty and the beast. London: Grandreams.

Chicago

McKie Anne, . 1994. Snow White and Beauty and the beast. London: Grandreams.

Harvard

McKie A., . (1994). Snow White and Beauty and the beast. London: Grandreams.

MLA

McKie Anne, . Snow White and Beauty and the beast. London: Grandreams. 1994.

  • Place hold
  • Print
  • Cite
  • Add to your cart (remove)
  • Save record
    BIBTEX Dublin Core MARCXML MARC (non-Unicode/MARC-8) MARC (Unicode/UTF-8) MARC (Unicode/UTF-8, Standard) MODS (XML) RIS
  • More searches
    Search for this title in:
    Other Libraries (WorldCat) Other Databases (Google Scholar) Online Stores (Bookfinder.com) Open Library (openlibrary.org)

Exporting to Dublin Core...

SOUTHVILLE LIBRARY

Southville International School and Colleges Library

1281 Tropical Ave. Cor. Luxembourg St., BF Homes International, Las Pinas City

Tel. No. 8256374 / 252358 Loc. 117/146

Powered by Koha